Statistics for County-Level Divisions of Xinjiang, China

Click here to take the quiz!

General Stats

  • This quiz has been taken 63 times
  • The average score is 70 of 107

Answer Stats

Prefecture-level City 地級市Answer% Correct
Aksu Prefecture 阿克蘇地區Aksu City 阿克蘇市
91%
Changji Prefecture 昌吉州Changji City 昌吉市
91%
Direct administration (Xinjiang Production and Construction Corps‎) 自治區省直轄 同新疆生產建設兵團Shihezi 石河子
91%
Altay Prefecture 阿勒泰地區Altay City 阿勒泰市
87%
Direct administration (Xinjiang Production and Construction Corps‎) 自治區省直轄 同新疆生產建設兵團Beitun 北屯
87%
Turpan 吐魯番Gaochang 高昌
87%
Hotan Prefecture 和田地區Hotan City 和田市
87%
Hotan Prefecture 和田地區Hotan County 和田縣
87%
Kashi Prefecture 喀什地區Kashi City 喀什市
87%
Bayingolin Prefecture 巴音郭楞州Korla 庫爾勒
87%
Bayingolin Prefecture 巴音郭楞州Ruoqiang 若羌
87%
Urumqi 烏魯木齊Saybag 沙依巴克
87%
Tacheng Prefecture 塔城地區Tacheng City 塔城市
87%
Urumqi 烏魯木齊Tianshan 天山
87%
Urumqi 烏魯木齊Ürümqi County 烏魯木齊縣
87%
Ili Prefecture 伊犁州Yining 伊寧
87%
Bortala Prefecture 博爾塔拉州Alashankou 阿拉山口
83%
Bortala Prefecture 博爾塔拉州Bole 博樂
83%
Direct administration (Xinjiang Production and Construction Corps‎) 自治區省直轄 同新疆生產建設兵團Huyanghe 胡楊河
83%
Bortala Prefecture 博爾塔拉州Jinghe 精河
83%
Ili Prefecture 伊犁州Korgas 霍爾果斯
83%
Turpan 吐魯番Shanshan 鄯善
83%
Direct administration (Xinjiang Production and Construction Corps‎) 自治區省直轄 同新疆生產建設兵團Tumxuk 圖木舒克
83%
Direct administration (Xinjiang Production and Construction Corps‎) 自治區省直轄 同新疆生產建設兵團Wujiaqu 五家渠
83%
Hami 哈密Yizhou 伊州
83%
Aksu Prefecture 阿克蘇地區Kuqa 庫車
78%
Ili Prefecture 伊犁州Kuytun 奎屯
78%
Changji Prefecture 昌吉州Manas 瑪納斯
78%
Urumqi 烏魯木齊Midong 米東
78%
Direct administration (Xinjiang Production and Construction Corps‎) 自治區省直轄 同新疆生產建設兵團Tiemenguan 鐵門關
78%
Hami 哈密Yiwu 伊吾
78%
Bayingolin Prefecture 巴音郭楞州Bohu 博湖
74%
Altay Prefecture 阿勒泰地區Fuyun 富蘊
74%
Karamay 克拉瑪依Karamay District 克拉瑪依區
74%
Direct administration (Xinjiang Production and Construction Corps‎) 自治區省直轄 同新疆生產建設兵團Kunyu 昆玉
74%
Kashi Prefecture 喀什地區Taxkorgan 塔什庫爾干
74%
Ili Prefecture 伊犁州Tekes 特克斯
74%
Urumqi 烏魯木齊Xinshi 新市
74%
Direct administration (Xinjiang Production and Construction Corps‎) 自治區省直轄 同新疆生產建設兵團Xinxing 新星
74%
Hotan Prefecture 和田地區Yutian 於田
74%
Direct administration (Xinjiang Production and Construction Corps‎) 自治區省直轄 同新疆生產建設兵團Aral 阿拉爾
70%
Kizilsu Prefecture 克孜勒蘇州Artux 阿圖什
70%
Karamay 克拉瑪依Baijiantan 白鹼灘
70%
Direct administration (Xinjiang Production and Construction Corps‎) 自治區省直轄 同新疆生產建設兵團Kokdala 可克達拉
70%
Hotan Prefecture 和田地區Moyu 墨玉
70%
Kashi Prefecture 喀什地區Shache 莎車
70%
Direct administration (Xinjiang Production and Construction Corps‎) 自治區省直轄 同新疆生產建設兵團Shuanghe 雙河
70%
Kashi Prefecture 喀什地區Shule 疏勒
70%
Turpan 吐魯番Toksun 托克遜
70%
Kizilsu Prefecture 克孜勒蘇州Akqi 阿合奇
65%
Hami 哈密Barkol 巴裡坤
65%
Urumqi 烏魯木齊Dabancheng 達阪城
65%
Bayingolin Prefecture 巴音郭楞州Qiemo 且末
65%
Kashi Prefecture 喀什地區Shufu 疏附
65%
Tacheng Prefecture 塔城地區Usu 烏蘇
65%
Kashi Prefecture 喀什地區Yecheng 葉城
65%
Karamay 克拉瑪依Dushanzi 獨山子
61%
Changji Prefecture 昌吉州Hutubi 呼圖壁
61%
Bayingolin Prefecture 巴音郭楞州Luntai 輪台
61%
Bortala Prefecture 博爾塔拉州Wenquan 溫泉
61%
Kashi Prefecture 喀什地區Yengisar 英吉沙
61%
Kizilsu Prefecture 克孜勒蘇州Akto 阿克陶
57%
Altay Prefecture 阿勒泰地區Burqin 布爾津
57%
Changji Prefecture 昌吉州Fukang 阜康
57%
Ili Prefecture 伊犁州Huocheng 霍城
57%
Altay Prefecture 阿勒泰地區Jeminay 吉木乃
57%
Kashi Prefecture 喀什地區Makit 麥蓋提
57%
Hotan Prefecture 和田地區Minfeng 民豐
57%
Changji Prefecture 昌吉州Mori 木壘
57%
Karamay 克拉瑪依Orku 烏爾禾
57%
Hotan Prefecture 和田地區Pishan 皮山
57%
Hotan Prefecture 和田地區Qira 策勒
57%
Urumqi 烏魯木齊Shuimogou 水磨溝
57%
Bayingolin Prefecture 巴音郭楞州Yanqi 焉耆
57%
Kashi Prefecture 喀什地區Bachu 巴楚
52%
Tacheng Prefecture 塔城地區Emin 額敏
52%
Altay Prefecture 阿勒泰地區Fuhai 福海
52%
Ili Prefecture 伊犁州Gongliu 鞏留
52%
Altay Prefecture 阿勒泰地區Habahe 哈巴河
52%
Bayingolin Prefecture 巴音郭楞州Hejing 和靜
52%
Tacheng Prefecture 塔城地區Hoboksar 和布克賽爾
52%
Kashi Prefecture 喀什地區Jiashi 伽師
52%
Ili Prefecture 伊犁州Qapqal 察布查爾
52%
Altay Prefecture 阿勒泰地區Qinghe 青河
52%
Changji Prefecture 昌吉州Qitai 奇台
52%
Urumqi 烏魯木齊Toutunhe 頭屯河
52%
Aksu Prefecture 阿克蘇地區Wensu 溫宿
52%
Kizilsu Prefecture 克孜勒蘇州Wuqia 烏恰
52%
Ili Prefecture 伊犁州Xinyuan 新源
52%
Kashi Prefecture 喀什地區Yopurga 岳普湖
52%
Bayingolin Prefecture 巴音郭楞州Hoxud 和碩
48%
Changji Prefecture 昌吉州Jimsar 吉木薩爾
48%
Hotan Prefecture 和田地區Lop 洛浦
48%
Tacheng Prefecture 塔城地區Toli 托裡
48%
Aksu Prefecture 阿克蘇地區Wushi 烏什
48%
Aksu Prefecture 阿克蘇地區Xinhe 新和
48%
Tacheng Prefecture 塔城地區Yumin 裕民
48%
Kashi Prefecture 喀什地區Zepu 澤普
48%
Ili Prefecture 伊犁州Zhaosu 昭蘇
48%
Aksu Prefecture 阿克蘇地區Awat 阿瓦提
43%
Tacheng Prefecture 塔城地區Shawan 沙灣
43%
Bayingolin Prefecture 巴音郭楞州Yuli 尉犁
43%
Aksu Prefecture 阿克蘇地區Baicheng 拜城
39%
Aksu Prefecture 阿克蘇地區Kalpin 柯坪
39%
Ili Prefecture 伊犁州Nilka 尼勒克
39%
Aksu Prefecture 阿克蘇地區Xayar 沙雅
39%

Score Distribution

Percentile by Number Answered

Percent of People with Each Score

Your Score History

You have not taken this quiz